Normal view
MARC view
Entry Geographic Name
001 - CONTROL NUMBER
- control field: 35950
003 - CONTROL NUMBER IDENTIFIER
- control field: dpl
005 - DATE AND TIME OF LATEST TRANSACTION
- control field: 20111121143428.0
008 - FIXED-LENGTH DATA ELEMENTS
- fixed length control field: 111121|||a|||||| | ||| d
040 ## - CATALOGING SOURCE
- Original cataloging agency: dpl
- Transcribing agency: dpl
151 ## - HEADING--GEOGRAPHIC NAME
- Geographic name: India
- General subdivision: Economy
670 ## - SOURCE DATA FOUND
- Source citation: Work cat.: (dpl)16360: Ramesh Singh 35947, Indian economy:, 2008
670 ## - SOURCE DATA FOUND
- Source citation: Work cat.: (dpl)16360: Ramesh Singh 35947, Indian economy:, 2008
